| 000 | 00848nam a2200229Ia 4500 | ||
|---|---|---|---|
| 999 |
_c34706 _d34706 |
||
| 001 | 493 | ||
| 003 | GE_BSU | ||
| 005 | 20200206122005.0 | ||
| 008 | 181216s2007||||ge |||||||||||||| ||geo|| | ||
| 020 | _a9789994069460 | ||
| 040 | _cGE_BSU | ||
| 041 | _ageo | ||
| 080 | _a616-097 (075.8) ჩ-69 | ||
| 100 |
_aჩიქოვანი, თინათინ _96831 |
||
| 245 |
_aიმუნოლოგია : _bმოკლე კურსი / _cთინათინ ჩიქოვანი ; [რედ. ზაზა ბერიშვილი]. |
||
| 264 |
_aთბილისი, _c2007. |
||
| 300 |
_a220 გვ.: _b ილ. ; _c26 სმ. |
||
| 653 | _aიმუნოლოგია | ||
| 653 | _aმედიცინა | ||
| 700 |
_aბერიშვილი, ზაზა _eრედაქტორი _96832 |
||
| 942 |
_cBK _2udc |
||